[Event "Kandidatklassen 2015"]
[Site "Svendborg"]
[Date "2015.04.02"]
[Round "3"]
[White "Ochsner, Bjorn Moller"]
[Black "Dyrgaard, Kristoffer"]
[Result "1-0"]
[WhiteElo "2363"]
[BlackElo "2256"]
[PlyCount "45"]
[EventDate "2015.??.??"]

1. Nf3 Nf6 2. c4 g6 3. Nc3 d5 4. cxd5 Nxd5 5. Qc2 Bg7 6. e4 Nb4 7. Qa4+ N8c6 8.
d4 Bd7 9. Qb3 Bxd4 10. Nd5 Be6 11. Bc4 a5 12. Nxb4 axb4 13. Bxe6 fxe6 14. Bh6
Qd6 15. Rd1 Qc5 16. O-O O-O-O 17. Ng5 Bxf2+ 18. Rxf2 Nd4 19. Qe3 Rd7 20. Bg7
Nb3 21. Qxb3 Rhd8 22. Rxd7 Rxd7 23. Nf3 1-0

[Event "Kandidatklassen 2015"]
[Site "Svendborg"]
[Date "2015.04.02"]
[Round "3"]
[White "Aabling Thomsen, Jakob"]
[Black "Stojanovski, Sandi"]
[Result "1-0"]
[WhiteElo "2333"]
[BlackElo "2210"]
[PlyCount "55"]
[EventDate "2015.??.??"]

1. e4 e6 2. Qe2 c5 3. Nf3 Nc6 4. g3 d6 5. Bg2 Nf6 6. O-O Be7 7. c3 O-O 8. Rd1
Qc7 9. d4 d5 10. Nbd2 cxd4 11. cxd4 b6 12. e5 Nd7 13. Nf1 Nb4 14. Bg5 Ba6 15.
Qd2 Bxg5 16. Nxg5 Bxf1 17. Bxf1 a5 18. a3 h6 19. Nxe6 fxe6 20. axb4 axb4 21.
Bh3 Rae8 22. Rdc1 Qb7 23. Qxb4 Rf7 24. Qb5 Qb8 25. Rc6 Rfe7 26. Rxe6 Rxe6 27.
Bxe6+ Rxe6 28. Qxd7 1-0

[Event "Kandidatklassen 2015"]
[Site "Svendborg"]
[Date "2015.04.02"]
[Round "3"]
[White "Matthiesen, Martin"]
[Black "Furrer, Christian"]
[Result "1/2-1/2"]
[WhiteElo "2282"]
[BlackElo "2146"]
[PlyCount "161"]
[EventDate "2015.??.??"]

1. d4 Nf6 2. Nf3 g6 3. c4 Bg7 4. Nc3 O-O 5. e4 d6 6. Be2 e5 7. d5 Na6 8. Nd2 h5
9. Nf3 Nc5 10. Ng5 a5 11. g3 c6 12. O-O Ng4 13. Kg2 f6 14. Nh3 f5 15. exf5 Bxf5
16. f3 Nf6 17. Be3 cxd5 18. cxd5 Rc8 19. Nf2 e4 20. Qd2 Qd7 21. Rac1 exf3+ 22.
Bxf3 Ng4 23. Bxg4 Bxg4 24. Bd4 Bf3+ 25. Kg1 Rce8 26. Rce1 b5 27. Bxg7 Kxg7 28.
Rxe8 Qxe8 29. Nh3 b4 30. Ng5 Bg4 31. Re1 Qd8 32. Nce4 Nxe4 33. Rxe4 Qf6 34. Re1
Bd7 35. Ne4 Qe5 36. Ng5 Qf6 37. a3 bxa3 38. bxa3 a4 39. Ne4 Qe5 40. Nc5 Qf5 41.
Qd4+ Kg8 42. Ne4 Qe5 43. Qxe5 dxe5 44. Nc5 Bh3 45. Nxa4 Ra8 46. Nc5 Ra5 47. Ne4
Bf5 48. Nd6 Rxd5 49. Nc4 e4 50. Ra1 Rd4 51. Ne3 Bd7 52. Rd1 Rxd1+ 53. Nxd1 Kg7
54. Nc3 Bc6 55. Kf2 Kf6 56. a4 Kg5 57. h3 h4 58. g4 Kf4 59. Ne2+ Ke5 60. a5 Bb5
61. Ke3 Ba6 62. Nc3 Bd3 63. Na4 Kd6 64. Nc3 Ke5 65. Na2 Kd6 66. Nb4 Bf1 67.
Kxe4 Bxh3 68. g5 Bg2+ 69. Kf4 h3 70. Kg3 Ke5 71. Nd3+ Kd4 72. Nf2 Kc5 73. Nxh3
Be4 74. Kf4 Bc2 75. Ke5 Kb5 76. Kf6 Kxa5 77. Nf4 Kb6 78. Nxg6 Kc7 79. Ne7 Bh7
80. Ke6 Kd8 81. Kf7 1/2-1/2

[Event "Kandidatklassen 2015"]
[Site "Svendborg"]
[Date "2015.04.02"]
[Round "3"]
[White "Olsen, Filip Boe"]
[Black "Bekker Jensen, David"]
[Result "1/2-1/2"]
[WhiteElo "2062"]
[BlackElo "2228"]
[PlyCount "104"]
[EventDate "2015.??.??"]

1. d4 Nf6 2. c4 g6 3. Nc3 Bg7 4. e4 d6 5. f3 O-O 6. Be3 Nc6 7. Nge2 a6 8. Qd2
Na5 9. Nf4 b5 10. cxb5 axb5 11. Rc1 Nc4 12. Bxc4 bxc4 13. O-O c6 14. Nfe2 Re8
15. Rfd1 Ba6 16. e5 Nd5 17. Nxd5 cxd5 18. f4 e6 19. Nc3 Bf8 20. g4 Qh4 21. Qg2
Rab8 22. Rc2 Bb7 23. Rf1 Qe7 24. Qg3 Bg7 25. g5 Bc6 26. Bc1 Qa7 27. Qe3 h6 28.
h4 h5 29. Rff2 Bf8 30. a3 Be7 31. Kh2 Rb7 32. Kg2 Reb8 33. Rcd2 Kf8 34. Rfe2
Rb3 35. Rc2 R8b7 36. Rcd2 Qb8 37. Rc2 Bd8 38. exd6 Qxd6 39. Qe5 Bc7 40. Qh8+
Ke7 41. Qf6+ Ke8 42. Qh8+ Kd7 43. Qf6 Qf8 44. Re3 R3b6 45. Rce2 Kc8 46. Rxe6
Bd7 47. Rxb6 Rxb6 48. Qe7 Qxe7 49. Rxe7 Be6 50. Na4 Rc6 51. Re8+ Kd7 52. Ra8
Bb6 1/2-1/2

[Event "Kandidatklassen 2015"]
[Site "Svendborg"]
[Date "2015.04.02"]
[Round "3"]
[White "Moller, Sophus Mechlenburg"]
[Black "Thybo, Jesper Sondergaard"]
[Result "1/2-1/2"]
[WhiteElo "2051"]
[BlackElo "2226"]
[PlyCount "42"]
[EventDate "2015.??.??"]

1. e4 Nf6 2. Nc3 d5 3. exd5 Nxd5 4. d4 Nc6 5. Nf3 Bg4 6. Be2 e6 7. O-O Be7 8.
Ne4 O-O 9. h3 Bf5 10. Ng3 Bg6 11. a3 Nf6 12. Bd3 Bxd3 13. Qxd3 Qd6 14. Bg5 Rad8
15. Rad1 Rfe8 16. Bxf6 Bxf6 17. Ne4 Qf4 18. Nxf6+ Qxf6 19. Qe4 g6 20. Rfe1 Qf5
21. Qxf5 exf5 1/2-1/2

[Event "Kandidatklassen 2015"]
[Site "Svendborg"]
[Date "2015.04.02"]
[Round "3"]
[White "Stentebjerg Hansen, Per"]
[Black "Bjerre, Jonas Buhl"]
[Result "1/2-1/2"]
[WhiteElo "2211"]
[BlackElo "2165"]
[PlyCount "28"]
[EventDate "2015.??.??"]

1. c3 d5 2. Nf3 Nf6 3. g3 c6 4. Bg2 Bg4 5. Qb3 Qb6 6. Ne5 Bf5 7. d3 e6 8. Bf4
Nbd7 9. Nxd7 Nxd7 10. Nd2 e5 11. Qxb6 axb6 12. Be3 Bd6 13. O-O O-O 14. a3 Be6
1/2-1/2

[Event "Kandidatklassen 2015"]
[Site "Svendborg"]
[Date "2015.04.02"]
[Round "3"]
[White "Thogersen, Rasmus"]
[Black "Jacobsen, Mikkel Manosri"]
[Result "1/2-1/2"]
[WhiteElo "2133"]
[BlackElo "2099"]
[PlyCount "298"]
[EventDate "2015.??.??"]

1. d4 d5 2. c4 c6 3. Nf3 Nf6 4. Nc3 e6 5. Bg5 h6 6. Bxf6 Qxf6 7. e3 Nd7 8. Bd3
dxc4 9. Bxc4 g6 10. O-O Bg7 11. Re1 O-O 12. e4 e5 13. d5 Nb6 14. Bb3 Bg4 15.
Re3 Rad8 16. h3 Bc8 17. Rd3 Nd7 18. dxc6 Nc5 19. Rxd8 Qxd8 20. Qxd8 Rxd8 21.
Bd5 bxc6 22. Bxc6 Be6 23. b4 Nd3 24. Rd1 Rc8 25. b5 Nb4 26. Nd5 Nxc6 27. bxc6
Kf8 28. Rc1 f5 29. Nh4 Kf7 30. Nxg6 Bxd5 31. exd5 Kxg6 32. d6 Bf6 33. c7 Bd8
34. Rc6 Kf7 35. Ra6 Bg5 36. Rxa7 Ke6 37. Ra6 Bd2 38. Rb6 Kd7 39. a4 Bc1 40. a5
Ba3 41. a6 Bxd6 42. a7 Kxc7 43. Ra6 Ra8 44. g4 fxg4 45. hxg4 Bc5 46. Rxh6 Rxa7
47. Kg2 Ra4 48. Kg3 Ra3+ 49. Kg2 Kd7 50. Rf6 Ke7 51. Rf5 Ke6 52. f4 Ra2+ 53.
Kh3 Bd6 54. fxe5 Bxe5 55. Kh4 Bf6+ 56. Kg3 Be5+ 57. Kh4 Rg2 58. Kg5 Bc3 59. Rb5
Bd2+ 60. Kh4 Bf4 61. Kh5 Rh2+ 62. Kg6 Rh6+ 63. Kg7 Rh4 64. g5 Be5+ 65. Kg6 Rh8
66. Rb6+ Bd6 67. Ra6 Rg8+ 68. Kh6 Rh8+ 69. Kg6 Rd8 70. Ra7 Be5 71. Ra6+ Kd5 72.
Ra5+ Ke4 73. Ra4+ Bd4 74. Ra5 Rd6+ 75. Kh5 Be5 76. Kg4 Rd1 77. Ra4+ Bd4 78. Ra8
Rg1+ 79. Kh5 Be5 80. Ra7 Bf4 81. Ra5 Be5 82. Ra8 Bc3 83. Re8+ Kf5 84. Rf8+ Ke6
85. Rb8 Bd2 86. Rb5 Bf4 87. Kg6 Rd1 88. Rb6+ Bd6 89. Ra6 Rb1 90. Ra8 Rb5 91.
Ra6 Rb8 92. Ra7 Be5 93. Ra6+ Kd5 94. Ra5+ Ke4 95. Ra4+ Bd4 96. Ra5 Rg8+ 97. Kh5
Kf4 98. Kh6 Be5 99. Ra7 Rxg5 100. Rf7+ Kg4 101. Rf1 Bg7+ 102. Kh7 Bd4 103. Rd1
Be5 104. Rg1+ Bg3 105. Rf1 Kh3 106. Rh1+ Kg2 107. Rh6 Kf3 108. Rg6 Rf5 109. Ra6
Be5 110. Kg6 Rf8 111. Ra4 Ke3 112. Rb4 Bd4 113. Rb7 Ke4 114. Rf7 Rg8+ 115. Kh5
Be5 116. Kh4 Bf4 117. Kh5 Kf3 118. Rf6 Rg1 119. Rf7 Ke4 120. Re7+ Be5 121. Rf7
Bf4 122. Rf6 Rg5+ 123. Kh6 Ke5 124. Rf7 Rg4+ 125. Kh5 Rg1 126. Rf8 Bg5 127. Ra8
Bf6 128. Ra2 Rg5+ 129. Kh6 Rg8 130. Re2+ Kf5 131. Rf2+ Ke6 132. Rf3 Kf7 133.
Kh5 Rg1 134. Rf4 Rg3 135. Rf5 Ke6 136. Rf1 Rg5+ 137. Kh6 Kf7 138. Rf4 Rb5 139.
Rf3 Rb4 140. Rh3 Rb8 141. Kh5 Rg8 142. Rf3 Ke6 143. Re3+ Be5 144. Rf3 Kd5 145.
Rf1 Ke4 146. Rf7 Bd4 147. Rf1 Bc3 148. Rf7 Be5 149. Kh4 Bf4 1/2-1/2

[Event "Kandidatklassen 2015"]
[Site "Svendborg"]
[Date "2015.04.02"]
[Round "3"]
[White "Hansen, Mads"]
[Black "Seegert, Kristian"]
[Result "1/2-1/2"]
[WhiteElo "2273"]
[BlackElo "2180"]
[PlyCount "120"]
[EventDate "2015.??.??"]

1. Nf3 f5 2. c4 Nf6 3. Nc3 g6 4. d3 Bg7 5. e4 fxe4 6. dxe4 d6 7. Be2 c6 8. h3
O-O 9. Be3 Qc7 10. O-O Nbd7 11. Qc2 Nc5 12. b4 Ne6 13. Nd2 a5 14. bxa5 Nd7 15.
Nb3 Ndc5 16. Rfd1 Nxb3 17. axb3 Rxa5 18. Qd2 Rxa1 19. Rxa1 Nc5 20. Ra3 Bxc3 21.
Qxc3 Nxe4 22. Qd4 Nf6 23. Bh6 Re8 24. Qf4 Be6 25. b4 Bf7 26. Rf3 Qb8 27. Qh4 d5
28. Bf4 Qc8 29. c5 Qd7 30. Be5 Qe6 31. Re3 Ne4 32. Qf4 Qf5 33. Qxf5 gxf5 34.
Bd3 Bg6 35. f3 Ng5 36. b5 Ne6 37. bxc6 bxc6 38. Bc2 f4 39. Rc3 Ra8 40. Bb3 Ra5
41. Kf1 Rxc5 42. Ba4 Rxc3 43. Bxc3 Bd3+ 44. Ke1 Bb5 45. Bc2 c5 46. Be5 Nd4 47.
Bb1 Ba4 48. Bd3 Nc6 49. Bxf4 e5 50. Bg3 h6 51. Bf5 Kf7 52. Bd7 Kf6 53. Bh4+ Kg6
54. Bg3 e4 55. fxe4 dxe4 56. Bd6 c4 57. Kd2 Bb5 58. Kc3 Nd4 59. Kxd4 Bxd7 60.
Kxc4 h5 1/2-1/2

[Event "Kandidatklassen 2015"]
[Site "Svendborg"]
[Date "2015.04.02"]
[Round "3"]
[White "Kolbak, Jens"]
[Black "Rossen, Claus"]
[Result "1-0"]
[WhiteElo "2208"]
[BlackElo "2172"]
[PlyCount "63"]
[EventDate "2015.??.??"]

1. Nf3 Nf6 2. c4 g6 3. g3 Bg7 4. Bg2 O-O 5. d4 d5 6. O-O dxc4 7. Qc2 Nc6 8. Rd1
Bg4 9. Qxc4 e5 10. d5 Bxf3 11. Bxf3 Nd4 12. Nc3 Nxf3+ 13. exf3 Qd7 14. Kg2 a6
15. Be3 b5 16. Qb3 Rfd8 17. a4 Rab8 18. axb5 axb5 19. Bg5 h6 20. Bxf6 Bxf6 21.
Ra7 Ra8 22. Rxa8 Rxa8 23. Qxb5 Qxb5 24. Nxb5 Rb8 25. Nxc7 Rxb2 26. d6 Bd8 27.
Ra1 Rd2 28. Ra6 Kg7 29. Ra8 Bg5 30. Ne8+ Kh7 31. f4 exf4 32. h4 1-0

[Event "Kandidatklassen 2015"]
[Site "Svendborg"]
[Date "2015.04.02"]
[Round "3"]
[White "Christensen, Thomas (1976)"]
[Black "Rendboe, John Filip"]
[Result "1/2-1/2"]
[WhiteElo "2134"]
[BlackElo "2195"]
[PlyCount "66"]
[EventDate "2015.??.??"]

1. Nc3 c5 2. Nf3 Nc6 3. d4 cxd4 4. Nxd4 Nf6 5. e4 e5 6. Nxc6 bxc6 7. Bc4 Bb4 8.
O-O O-O 9. Bg5 d6 10. Qd3 Be6 11. Rad1 h6 12. Bh4 g5 13. Bg3 Qe7 14. a3 Bxc3
15. bxc3 Rfd8 16. Bxe6 Qxe6 17. f3 Nh5 18. Qa6 Nxg3 19. hxg3 d5 20. exd5 Rxd5
21. Qb7 Qc8 22. Qe7 Qd8 23. Qxd8+ Raxd8 24. Rxd5 Rxd5 25. Rb1 Rd2 26. Rb8+ Kg7
27. Rc8 Rxc2 28. Rxc6 a5 29. Rc5 a4 30. Rc4 f5 31. g4 fxg4 32. Rxg4 Rxc3 33.
Rxa4 h5 1/2-1/2

[Event "Kandidatklassen 2015"]
[Site "Svendborg"]
[Date "2015.04.02"]
[Round "3"]
[White "Pedersen, Jan Nordenbaek"]
[Black "Pedersen, Henrik Dahl"]
[Result "1/2-1/2"]
[WhiteElo "2143"]
[BlackElo "2169"]
[PlyCount "93"]
[EventDate "2015.??.??"]

1. e4 c6 2. d4 d5 3. e5 Bf5 4. Nf3 e6 5. Be2 c5 6. Be3 cxd4 7. Nxd4 Ne7 8. c4
dxc4 9. Qa4+ Nbc6 10. Nc3 a6 11. O-O-O Qa5 12. Nxf5 Nxf5 13. Qxa5 Nxa5 14. Bb6
Nc6 15. f4 Bb4 16. Bxc4 Ba5 17. Bf2 Rc8 18. Bb3 O-O 19. g4 Nfe7 20. Kb1 Bxc3
21. bxc3 Na5 22. Rd7 Ng6 23. Bg3 Nxb3 24. axb3 Rxc3 25. f5 Rxb3+ 26. Ka2 Rxg3
27. hxg3 Nxe5 28. Rxb7 Nxg4 29. fxe6 fxe6 30. Rc1 Kh8 31. Rcc7 Rg8 32. Re7 e5
33. Ra7 h5 34. Rxa6 Kh7 35. Kb1 Rb8+ 36. Ka2 Rd8 37. Raa7 Kg6 38. Rxg7+ Kf5 39.
Rgf7+ Ke4 40. Rh7 Nf6 41. Rhf7 Rd6 42. Ra8 Rb6 43. Rh8 Kf5 44. Rxh5+ Kg6 45.
Rxf6+ Rxf6 46. Rxe5 Rf3 47. Kb2 1/2-1/2

[Event "Kandidatklassen 2015"]
[Site "Svendborg"]
[Date "2015.04.02"]
[Round "3"]
[White "Andersen, Rune Egede"]
[Black "Nielsen, Viktor Haarmark"]
[Result "0-1"]
[WhiteElo "2160"]
[BlackElo "2097"]
[PlyCount "120"]
[EventDate "2015.??.??"]

1. c4 Nf6 2. g3 e6 3. Bg2 d5 4. Nf3 Be7 5. O-O O-O 6. d4 dxc4 7. Qc2 a6 8. Qxc4
b5 9. Qc2 Bb7 10. Nbd2 Nbd7 11. a3 c5 12. dxc5 Nxc5 13. b4 Na4 14. Nb3 Rc8 15.
Qd2 Qxd2 16. Bxd2 Bd5 17. Nbd4 Ne4 18. Be3 Bf6 19. Rac1 Rc3 20. Rxc3 Nexc3 21.
Re1 Rd8 22. g4 g6 23. g5 Bg7 24. h4 e5 25. Nc2 Bb3 26. Na1 Bd1 27. Bf1 Bxe2 28.
Bxe2 Nxe2+ 29. Rxe2 e4 30. Nd2 Bxa1 31. Nxe4 Nc3 32. Nf6+ Kg7 33. Rc2 Nd1 34.
Bb6 Rd3 35. Ne8+ Kf8 36. Rc8 Ke7 37. Nf6 Bxf6 38. gxf6+ Kxf6 39. Bc5 Rxa3 40.
Rd8 Nc3 41. Kg2 Ne4 42. Be3 Ke7 43. Ra8 Nd6 44. Bc5 Ke6 45. Ra7 Nf5 46. h5 gxh5
47. Bb6 Rc3 48. Bc5 Ra3 49. Bb6 Nd6 50. Bd8 Ra4 51. Re7+ Kd5 52. Rd7 Rxb4 53.
Be7 Rg4+ 54. Kh3 Rg6 55. Bxd6 Rxd6 56. Rxf7 b4 57. Rxh7 Rb6 58. Rxh5+ Ke4 59.
Rg5 b3 60. Rg1 b2 0-1

[Event "Kandidatklassen 2015"]
[Site "Svendborg"]
[Date "2015.04.03"]
[Round "4"]
[White "Haubro, Martin"]
[Black "Ochsner, Bjorn Moller"]
[Result "1-0"]
[WhiteElo "2308"]
[BlackElo "2363"]
[PlyCount "83"]
[EventDate "2015.??.??"]

1. d4 Nf6 2. c4 g6 3. Nc3 Bg7 4. e4 d6 5. Nf3 O-O 6. Be2 e5 7. Be3 Na6 8. O-O
Ng4 9. Bg5 Qe8 10. dxe5 dxe5 11. Qc1 f6 12. Bd2 f5 13. exf5 gxf5 14. h3 Nf6 15.
Bh6 Bxh6 16. Qxh6 e4 17. Nh4 Qe5 18. f3 Be6 19. Qg5+ Kh8 20. fxe4 Rg8 21. Qf4
Qd4+ 22. Kh2 Nxe4 23. Rad1 Qg7 24. Nxe4 fxe4 25. Qf6 Rae8 26. Rd4 Bc8 27. Bh5
Re7 28. Qxg7+ Kxg7 29. Re1 Kh6 30. Bf3 Nc5 31. b4 Na6 32. c5 Rge8 33. Rexe4 b6
34. Rxe7 Rxe7 35. c6 b5 36. a3 Re3 37. Rd8 Be6 38. Re8 Kg5 39. Bd5 Kxh4 40.
Rxe6 Rxa3 41. Re5 Nxb4 42. Bf7 1-0

[Event "Kandidatklassen 2015"]
[Site "Svendborg"]
[Date "2015.04.03"]
[Round "4"]
[White "Aabling Thomsen, Jakob"]
[Black "Jaksland, Tim"]
[Result "1-0"]
[WhiteElo "2333"]
[BlackElo "2277"]
[PlyCount "81"]
[EventDate "2015.??.??"]

1. d4 Nf6 2. Nc3 d5 3. Bg5 Nbd7 4. Qd3 h6 5. Bh4 c6 6. O-O-O Qa5 7. f3 e5 8.
Bxf6 gxf6 9. e4 exd4 10. Qxd4 Bc5 11. Qa4 Qxa4 12. Nxa4 Be3+ 13. Kb1 d4 14. b3
b5 15. Nb2 a6 16. Ne2 c5 17. c3 dxc3 18. Nxc3 Nb6 19. Rd6 Rb8 20. Rxb6 Rxb6 21.
Nd5 c4 22. Nxe3 cxb3 23. axb3 Be6 24. b4 O-O 25. Nd3 Rd8 26. Be2 Bc4 27. Kc2
Rc8 28. Ra1 Rd6 29. Nxc4 Rxc4+ 30. Kb3 Rcd4 31. Nf4 f5 32. e5 Rc6 33. Nd3 Kg7
34. Ra2 f4 35. Nc5 Rd5 36. Nd3 Rd4 37. Rc2 Rcc4 38. Bf1 Kg6 39. Nxf4+ Rxf4 40.
Bxc4 bxc4+ 41. Rxc4 1-0

[Event "Kandidatklassen 2015"]
[Site "Svendborg"]
[Date "2015.04.03"]
[Round "4"]
[White "Dyrgaard, Kristoffer"]
[Black "Matthiesen, Martin"]
[Result "1/2-1/2"]
[WhiteElo "2256"]
[BlackElo "2282"]
[PlyCount "74"]
[EventDate "2015.??.??"]

1. e4 e5 2. Nf3 Nc6 3. Bb5 a6 4. Ba4 Nf6 5. Qe2 b5 6. Bb3 Bc5 7. d3 d6 8. c3 h6
9. Nbd2 O-O 10. Nf1 Be6 11. Ng3 d5 12. O-O Re8 13. h3 Qd7 14. exd5 Bxd5 15. Ne4
Be7 16. Nxf6+ Bxf6 17. Bxd5 Qxd5 18. Qe4 Rad8 19. Be3 Re6 20. Rfd1 Red6 21. Qg4
Qe6 22. Qxe6 Rxe6 23. Rd2 Red6 24. Rad1 R6d7 25. d4 exd4 26. Nxd4 Nxd4 27. cxd4
Rd6 28. Kf1 a5 29. b3 Ra6 30. Rc1 c6 31. a4 Rb8 32. Bf4 Rb7 33. axb5 Rxb5 34.
Rd3 Rab6 35. Bc7 Rxb3 36. Bxb6 Rxd3 37. Bxa5 Rxd4 1/2-1/2

[Event "Kandidatklassen 2015"]
[Site "Svendborg"]
[Date "2015.04.03"]
[Round "4"]
[White "Furrer, Christian"]
[Black "Bekker Jensen, David"]
[Result "1/2-1/2"]
[WhiteElo "2146"]
[BlackElo "2228"]
[PlyCount "45"]
[EventDate "2015.??.??"]

1. d4 Nf6 2. c4 g6 3. Nc3 Bg7 4. e4 d6 5. Be2 O-O 6. Nf3 Nbd7 7. O-O e5 8. Re1
Re8 9. Bf1 a6 10. Rb1 exd4 11. Nxd4 c6 12. Nc2 Qc7 13. f3 Ne5 14. Be3 Be6 15.
b3 b5 16. Nd4 bxc4 17. Nxe6 fxe6 18. bxc4 c5 19. Qd2 Nc6 20. Kh1 Nd7 21. Red1
Nd4 22. Ne2 e5 23. Nc3 1/2-1/2

[Event "Kandidatklassen 2015"]
[Site "Svendborg"]
[Date "2015.04.03"]
[Round "4"]
[White "Thybo, Jesper Sondergaard"]
[Black "Olsen, Filip Boe"]
[Result "0-1"]
[WhiteElo "2226"]
[BlackElo "2062"]
[PlyCount "110"]
[EventDate "2015.??.??"]

1. e4 c6 2. d4 d5 3. e5 Bf5 4. Nc3 e6 5. g4 Bg6 6. Nge2 Nd7 7. h4 h6 8. Be3 a6
9. Qd2 Bb4 10. Bg2 Ne7 11. Nf4 c5 12. O-O O-O 13. Rae1 cxd4 14. Bxd4 Rc8 15. h5
Bh7 16. Nd3 Ba5 17. Nc1 Nc6 18. Nb3 Nxd4 19. Nxd4 Qc7 20. g5 hxg5 21. Qxg5 Qd8
22. Qg3 Rc4 23. Rd1 Bb6 24. h6 g6 25. Nxe6 fxe6 26. Nxd5 Rd4 27. Ne3 Qc7 28.
Rxd4 Bxd4 29. Rd1 Bxe5 30. Qg4 Rf6 31. Qc4 Bh2+ 32. Kh1 Qxc4 33. Nxc4 Ne5 34.
Nd6 Bf4 35. Bxb7 Bxh6 36. Ne4 Rf4 37. Rd6 Kf7 38. Rxa6 g5 39. Nc5 Bf5 40. Kg2
Bf8 41. Ra5 Nc4 42. Rb5 Nd6 43. Rb6 Nxb7 44. Rxb7+ Kg6 45. Rb5 Rc4 46. Nd7 Bd6
47. c3 Rg4+ 48. Kf3 Re4 49. Nb6 g4+ 50. Kg2 Re2 51. Nc8 Be4+ 52. Kf1 Bd3 53.
Rb6 Bc5 54. Rc6 Rxf2+ 55. Ke1 Re2+ 0-1

[Event "Kandidatklassen 2015"]
[Site "Svendborg"]
[Date "2015.04.03"]
[Round "4"]
[White "Stojanovski, Sandi"]
[Black "Stentebjerg Hansen, Per"]
[Result "0-1"]
[WhiteElo "2210"]
[BlackElo "2211"]
[PlyCount "48"]
[EventDate "2015.??.??"]

1. d4 d5 2. c4 c6 3. Nf3 Nf6 4. cxd5 cxd5 5. Nc3 Nc6 6. Bf4 Bf5 7. e3 a6 8. Ne5
Qb6 9. Nxc6 Qxc6 10. Rc1 Rc8 11. e4 dxe4 12. Nb5 Qb6 13. Rxc8+ Bxc8 14. Nc7+
Kd8 15. Na8 Qc6 16. d5 Nxd5 17. Be2 e6 18. O-O Bd6 19. Bxd6 Qxd6 20. Qd4 Ke7
21. Bc4 Bd7 22. Bxd5 Rxa8 23. Qxg7 exd5 24. Qxh7 Qf6 0-1

[Event "Kandidatklassen 2015"]
[Site "Svendborg"]
[Date "2015.04.03"]
[Round "4"]
[White "Jacobsen, Mikkel Manosri"]
[Black "Kolbak, Jens"]
[Result "0-1"]
[WhiteElo "2099"]
[BlackElo "2208"]
[PlyCount "72"]
[EventDate "2015.??.??"]

1. d4 Nf6 2. Nf3 g6 3. c4 Bg7 4. Nc3 O-O 5. Bg5 c5 6. e3 Na6 7. Be2 d6 8. O-O
b6 9. a3 Bb7 10. Qb1 Nc7 11. Rd1 Rb8 12. d5 a6 13. e4 Nd7 14. Bd3 Bc8 15. a4
Re8 16. h3 Ne5 17. Nxe5 Bxe5 18. f4 Bg7 19. f5 Be5 20. Rf1 Bd7 21. Qd1 b5 22.
Qe2 bxc4 23. Bxc4 Rb4 24. Rf3 Bg7 25. Raf1 Rf8 26. b3 a5 27. e5 Bxe5 28. fxg6
hxg6 29. Bd3 f5 30. g4 Qe8 31. Qg2 Kh7 32. h4 Bxc3 33. h5 gxh5 34. Rxf5 Bxf5
35. Rxf5 Rxf5 36. Bxf5+ Kh8 0-1

[Event "Kandidatklassen 2015"]
[Site "Svendborg"]
[Date "2015.04.03"]
[Round "4"]
[White "Bjerre, Jonas Buhl"]
[Black "Thogersen, Rasmus"]
[Result "0-1"]
[WhiteElo "2165"]
[BlackElo "2133"]
[PlyCount "70"]
[EventDate "2015.??.??"]

1. e4 c5 2. Nf3 d6 3. d4 cxd4 4. Nxd4 Nf6 5. Nc3 a6 6. Bg5 e6 7. f4 h6 8. Bh4
Be7 9. Qf3 Nbd7 10. O-O-O Qc7 11. g4 g5 12. fxg5 Ne5 13. Qg3 Nfxg4 14. g6 fxg6
15. Be2 Bxh4 16. Qxh4 Qe7 17. Qe1 Bd7 18. Bxg4 Qg5+ 19. Kb1 Qxg4 20. Nde2 O-O-O
21. Rxd6 Bc6 22. Rxd8+ Rxd8 23. Rf1 Nf3 24. h3 Qg2 25. Rxf3 Qxf3 26. Qg1 Bxe4
27. a3 Qh1 28. Qxh1 Bxh1 29. Nf4 g5 30. Nxe6 Re8 31. Nd4 Bg2 32. Nf5 Re1+ 33.
Ka2 Bxh3 34. Nxh6 Be6+ 35. b3 Rh1 0-1

[Event "Kandidatklassen 2015"]
[Site "Svendborg"]
[Date "2015.04.03"]
[Round "4"]
[White "Seegert, Kristian"]
[Black "Moller, Sophus Mechlenburg"]
[Result "1-0"]
[WhiteElo "2180"]
[BlackElo "2051"]
[PlyCount "93"]
[EventDate "2015.??.??"]

1. e4 c5 2. Nf3 d6 3. d4 cxd4 4. Nxd4 Nf6 5. Nc3 g6 6. Be3 Bg7 7. f3 Nc6 8. Qd2
O-O 9. Bc4 Bd7 10. Bb3 Rc8 11. O-O-O Nxd4 12. Bxd4 b5 13. h4 a5 14. h5 a4 15.
Bxf6 Bxf6 16. hxg6 e6 17. e5 Bg7 18. Qxd6 Qg5+ 19. Kb1 axb3 20. axb3 Bc6 21.
gxf7+ Kxf7 22. f4 Qg6 23. f5 exf5 24. Nxb5 Bxb5 25. Qd5+ Qe6 26. Qxb5 Kg8 27.
Rhe1 Rfe8 28. Rd7 Rb8 29. Qd3 Bxe5 30. Rd5 Qf6 31. Rdxe5 Rxe5 32. Qg3+ Kf7 33.
Rxe5 f4 34. Qc3 Rc8 35. Qa5 Kg6 36. Qd5 Rd8 37. Qe4+ Kg7 38. Re7+ Kf8 39. Ra7
h5 40. Qh7 h4 41. Ra5 Rd1+ 42. Ka2 Rd5 43. Ra8+ Rd8 44. Rxd8+ Qxd8 45. Qh8+ Ke7
46. Qxh4+ Kd7 47. Qxd8+ 1-0

[Event "Kandidatklassen 2015"]
[Site "Svendborg"]
[Date "2015.04.03"]
[Round "4"]
[White "Rendboe, John Filip"]
[Black "Hansen, Mads"]
[Result "0-1"]
[WhiteElo "2195"]
[BlackElo "2273"]
[PlyCount "114"]
[EventDate "2015.??.??"]

1. d4 d5 2. c4 e6 3. Nc3 c6 4. cxd5 exd5 5. Qc2 Bd6 6. Nf3 Ne7 7. Bg5 f6 8. Bh4
Bf5 9. Qd2 Nd7 10. e3 O-O 11. Bg3 Nb6 12. Be2 Qd7 13. Nh4 Be6 14. O-O Rae8 15.
a4 Nbc8 16. a5 Bg4 17. Bd3 f5 18. Bxd6 Nxd6 19. f4 Ne4 20. Nxe4 dxe4 21. Bc4+
Kh8 22. Qf2 Rf6 23. Rac1 Qd6 24. Qe1 Rc8 25. Bb3 b6 26. h3 Bh5 27. Rf2 Bf7 28.
Bxf7 Rxf7 29. g4 g6 30. axb6 axb6 31. Ra1 Nd5 32. g5 Nb4 33. Qc3 Kg8 34. Ng2
Rff8 35. Rff1 Ra8 36. Qb3+ Nd5 37. Rfc1 Rfc8 38. Rxa8 Rxa8 39. Qc4 Rc8 40. Ra1
b5 41. Qa2 Qc7 42. h4 b4 43. Qc4 Qb6 44. Rc1 h5 45. gxh6 Kh7 46. h5 gxh5 47.
Kf2 b3 48. Nh4 Qd8 49. Nxf5 Qd7 50. Ng3 Rg8 51. Qe2 Qh3 52. Rg1 Nf6 53. Qf1 Qh4
54. Qg2 Qg4 55. Qh1 h4 56. Nxe4 Qxg1+ 57. Qxg1 Nxe4+ 0-1

[Event "Kandidatklassen 2015"]
[Site "Svendborg"]
[Date "2015.04.03"]
[Round "4"]
[White "Nielsen, Viktor Haarmark"]
[Black "Rossen, Claus"]
[Result "1/2-1/2"]
[WhiteElo "2097"]
[BlackElo "2172"]
[PlyCount "88"]
[EventDate "2015.??.??"]

1. e4 c5 2. Nf3 d6 3. d4 cxd4 4. Nxd4 Nf6 5. Nc3 g6 6. Be3 Bg7 7. f3 Nc6 8. Qd2
O-O 9. Bc4 Nd7 10. Bb3 Nb6 11. Nd5 Nxd5 12. exd5 Nxd4 13. Bxd4 Bxd4 14. Qxd4
Qa5+ 15. c3 b6 16. O-O-O Bd7 17. h4 Qc5 18. Qf4 a5 19. h5 a4 20. Qh6 Bf5 21.
hxg6 Bxg6 22. Bc2 f5 23. a3 Qc4 24. Kb1 Ra5 25. Rd4 Qe2 26. g4 Rb5 27. gxf5
Rxf5 28. Rd2 Qxf3 29. Rg1 Qh5 30. Qxh5 Rxh5 31. Bxg6 hxg6 32. Rxg6+ Kf7 33. Rg4
Rbxd5 34. Rxd5 Rxd5 35. Rxa4 e5 36. Kc2 Ke6 37. Rh4 b5 38. a4 bxa4 39. Rxa4 Kf5
40. b4 e4 41. Ra5 Ke6 42. Ra8 Kd7 43. Ra7+ Kd8 44. Ra8+ Kd7 1/2-1/2

[Event "Kandidatklassen 2015"]
[Site "Svendborg"]
[Date "2015.04.03"]
[Round "4"]
[White "Pedersen, Henrik Dahl"]
[Black "Andersen, Rune Egede"]
[Result "1-0"]
[WhiteElo "2169"]
[BlackElo "2160"]
[PlyCount "73"]
[EventDate "2015.??.??"]

1. d4 d5 2. c4 dxc4 3. e4 Nf6 4. e5 Nd5 5. Bxc4 Nb6 6. Bd3 Nc6 7. Be3 Nb4 8.
Be4 f5 9. exf6 exf6 10. Ne2 f5 11. Bf3 N4d5 12. Nbc3 Nxe3 13. fxe3 Bd6 14. Qd3
O-O 15. O-O-O c6 16. Kb1 Kh8 17. Rhg1 Qg5 18. h4 Qh6 19. e4 Be6 20. e5 Be7 21.
g3 Rad8 22. b3 Rd7 23. Nf4 Rfd8 24. Qe3 Bg8 25. Kb2 a5 26. g4 Bxh4 27. gxf5 Bf2
28. Qxf2 Qxf4 29. Qg2 a4 30. e6 Re7 31. Be4 axb3 32. axb3 Nd5 33. Bxd5 cxd5 34.
Nxd5 Qd6 35. Nxe7 Qxe7 36. Qg5 Qxg5 37. Rxg5 1-0

[Event "Kandidatklassen 2015"]
[Site "Svendborg"]
[Date "2015.04.04"]
[Round "5"]
[White "Haubro, Martin"]
[Black "Aabling Thomsen, Jakob"]
[Result "0-1"]
[WhiteElo "2308"]
[BlackElo "2333"]
[PlyCount "76"]
[EventDate "2015.??.??"]

1. d4 f5 2. Nf3 Nf6 3. g3 g6 4. Bg2 Bg7 5. O-O O-O 6. c4 d6 7. Nc3 c6 8. Qd3
Nh5 9. e4 f4 10. Ne2 fxg3 11. hxg3 e5 12. Bg5 Rxf3 13. Bxf3 Qxg5 14. dxe5 dxe5
15. Bxh5 gxh5 16. f4 exf4 17. Rad1 Nd7 18. Rxf4 Nf8 19. Qd2 Qc5+ 20. Kh1 Bg4
21. Rdf1 Ng6 22. Rf7 Qxc4 23. Nc3 Rf8 24. Rxf8+ Bxf8 25. Rf2 Qc5 26. Kg2 Qe5
27. Qd8 h4 28. gxh4 Nf4+ 29. Kf1 Bh3+ 30. Ke1 Kg7 31. h5 Be7 32. h6+ Kxh6 33.
Qd2 Bg5 34. Kd1 Ng2 35. Qd3 Ne3+ 36. Ke1 Qg3 37. Qe2 Qg1+ 38. Kd2 Ng4+ 0-1